000 00752nam1a22002051i 4500
001 rc\4147690
005 20240724154249.0
035 _a(NLR Aleph) 007991048
090 _a8579601
_c8579601
100 _a20130415g1949 |||y0rusy50 ca
101 0 _arus
102 _aRU
105 _a g |||||
200 1 _aСправочник по материалам, применяемым в судостроении
_eВып. 1-
_fМ-во судостроительной пром-ти СССР. Центр. науч.-исслед. ин-т им. акад. А.Н. Крылова
210 _aЛенинград
_cСудпромгиз
_d1949-
215 _d23
801 0 _aRU
_bNLR
_gpsbo
801 1 _aRU
_bELAR
_2rusmarc
852 _aNLR
_jТ90 Г-5/360
942 _cBOOK